Statistics for The Ultimate Jane Austen Quiz

Click here to take the quiz!

General Stats

  • This quiz has been taken 936 times
    (919 since last reset)
  • The average score is 10 of 18

Answer Stats

HintAnswer% Correct
In which novel is matchmaking a key themeEmma
99%
In which novel does the main character's sister elope with a soldier?Pride and Prejudice
99%
In which novel does the main character fall in love with her cousin?Mansfield Park
93%
In which novel does the main character have a very active imagination?Northanger Abbey
93%
In which novel does one of the main characters become gravely ill?Sense and Sensibility
91%
In which novel does the main character take bad advice from her governess?Persuasion
89%
(Pride and Prejudice) Mr. Darcy is __ years older than his sister, Georgiana10
75%
(Persuasion) How old is Anne Elliott when she sees Frederick Wentworth again?27
65%
Who played Elizabeth Bennet in the 2005 adaption of Pride and Prejudice?Keira Knightley
52%
Who played Colonel Brandon in the 1995 adaption of Sense and Sensibility?Alan Rickman
51%
What kind of book does Margaret Dashwood have throughout the story?atlas
36%
(Sense and Sensibility) What is the name of the woman who is secretly engaged to Edward Ferrars?Lucy Steele
33%
What is the name of the highly talkative lady in Emma?Miss Bates
31%
(Mansfield Park) What is the name of Fanny Price's brother?William
31%
(Emma) Who does Frank Churchill suggest gave the piano to Jane FairfaxMr. Dixon
21%
Who played Isabella Thorpe in the 2007 adaption of Northanger Abbey?Carey Mulligan
14%
(Northanger Abbey) What older couple takes Catherine Morland to Bath?The Allens
8%
Who played Edmund Bertram in Mansfield Park (2007) and Mr. Elton in Emma (2009)?Blake Ritson
4%

Score Distribution

Percentile by Number Answered

Percent of People with Each Score

Your Score History

You have not taken this quiz since the last reset